000 00751nam a2200241Ia 4500
003 OSt
005 20220923220633.0
006 a|||||r|||| 00| 0
007 ta
008 220922b |||||||| |||| 00| 0 hin d
024 _a188,174
037 _cTextual
040 _aARTS
_cARTS
_bhin
041 _2hin
_ahin
082 _aV41y7M93, 152K2
100 _aरहबर, हॅसराज
_9156291
245 0 _aमाओ त्से तुगं
_b एक जीवन
246 _aMāo tse tugan: ek jīvana
260 _aदिल्ली
_b आलेख प्रकाशन
_c1982
300 _a287 पृ.
_ccm.
942 _hV41y7M93, 152K2
_cTEXL
_2CC
999 _c341250
_d341250